วิทยาลัยพยาบาลบรมราชชนนี ยะลา
ระบบห้องสมุดอัตโนมัติ ULIBM BCNYALA - V.6
เปลี่ยนเป็นภาษาไทย

Change to English
 แสดงรายละเอียดบรรณานุกรม
  กลับหน้าหลัก

Brief Record : Get Marc (ISO 2709) : E-mail record : QR code ปิดหน้าต่าง
E-books : เกี่ยวกับ Collections
LEADER 00000nam 2200000uu 4500
001    3828
003     ULIBM
008    250818s2567||||th 000 0 tha d
020    ^a9786164078864
060 04 ^aQZ266^bล145ร
100 0  ^aลลิตา ธีระสิริ
245 10 ^aรักษามะเร็งด้วยตนเอง/^cลลิตา ธีระสิริ
250    ^aพิมพ์ครั้งที่ 1
260    ^aกรุงเทพฯ:^bแสงดาว,^c2567.
300    ^aหน้า 250 หน้า :^bภาพประกอบ ;^c21 ซม.
650  7 ^aมะเร็ง^xการรักษา
650  7 ^aบำบัดรักษามะเร็ง
999    ^aอีมาน
รายการนี้ยังไม่มีแท็ก
คุณยังไม่ได้ล็อกอิน คุณสามารถมีกิจกรรมร่วมกับเว็บไซต์ได้ แต่ต้องล็อกอินก่อน ::
  ล็อกอิน
ลำดับที่ ประเภท เลขเรียก สถานที่ สถานะ
1. หนังสือวิทยาศาสตร์สุขภาพ
หนังสือสำรอง
สถานะ=หนังสือสำรอง
QZ266 ล145ร 2567 ฉ.1 
  
ห้องสมุดวพบ.ยะลา
►หนังสือสำรอง
On Shelf
  ขอยืม
2. หนังสือทางการพยาบาล
หนังสือทางการพยาบาล
QZ266 ล145ร 2567 ฉ.2 
  
ห้องสมุดวพบ.ยะลา
►หนังสือ ตำรา ทางการพยาบาล
On Shelf
  ขอยืม
3. หนังสือทางการพยาบาล
หนังสือทางการพยาบาล
QZ266 ล145ร 2567 ฉ.3 
  
ห้องสมุดวพบ.ยะลา
►หนังสือ ตำรา ทางการพยาบาล
On Shelf
  ขอยืม
   [แสดง 3/3 รายการ]

BibComment


ยังไม่เคยถูกคอมเมนท์

คอมเมนท์ทรัพยากรรายการนี้
  คอมเมนท์: รักษามะเร็งด้วยต..
Bib 3828

 
 
 

 Union Library Management : ULibM

ดูหนังออนไลน์

Copyright 2026. All Rights Reserved.